| 000 | 00510nam a2200217Ia 4500 | ||
|---|---|---|---|
| 008 | 210210b1940 xxu||||| |||| 00| 0 eng d | ||
| 041 | _aeng | ||
| 082 | _a514/23 | ||
| 100 | _aFERROLI | ||
| 245 | _aElements of analytical geometry and calculus | ||
| 260 |
_aMadras _bS Viswanathan Pvt. Ltd. _c1940 |
||
| 650 | _aof | ||
| 650 | _ageometry | ||
| 650 | _aElements | ||
| 650 | _acalculus | ||
| 650 | _aand | ||
| 650 | _aanalytical | ||
| 690 | _aGeometry | ||
| 700 | _aKRISHNAMURTHY | ||
| 906 | _a007469 | ||
| 999 |
_c139962 _d139962 |
||